[Event "UAE President Cup"]
[Site "Ajman"]
[Date "2019.01.07"]
[Round "7"]
[White "Ahmed, Mohamed Qayed"]
[Black "Saeed, Marshool"]
[Result "1-0"]
[WhiteElo "1379"]
[BlackElo "1217"]
[PlyCount "86"]
[EventDate "2019.01.02"]
[EventType "swiss"]
[EventRounds "9"]
[EventCountry "UAE"]
[SourceTitle "CBM 188 Extra"]
[Source "ChessBase"]
[SourceDate "2019.02.28"]
[SourceVersion "1"]
[SourceVersionDate "2019.02.28"]
[SourceQuality "1"]

1. e4 c5 2. Nf3 d6 3. d3 Nf6 4. g3 Nc6 5. Bg2 Bg4 6. h3 Bh5 7. c3 e6 8. 0-0 Ne5 9. Nbd2 Nxd3 10. Qc2 Bxf3 11. Nxf3 c4 12. Qa4+ Qd7 13. Qxc4 Nc5 14. e5 d5 15. Qe2 Nfe4 16. Nd4 Be7 17. Qg4 g5 18. Qe2 a6 19. Kh2 h5 20. f3 Qc7 21. fxe4 dxe4 22. Bxe4 h4 23. Bg2 hxg3+ 24. Kg1 0-0-0 25. Rxf7 Rdf8 26. Rxf8+ Rxf8 27. b4 Nd7 28. Qe3 Qxe5 29. Qxe5 Nxe5 30. Nxe6 Rf5 31. Be4 Rf2 32. Bxg5 Bd6 33. Nd4 Rh2 34. Bf4 Rb2 35. Bf5+ Kc7 36. Bxg3 Nf3+ 37. Nxf3 Bxg3 38. h4 Rf2 39. Rf1 Rxa2 40. h5 Bf4 41. Nd4 Be3+ 42. Kh1 Bh6 43. Be6 Ra3 1-0

[Event "UAE President Cup"]
[Site "Ajman"]
[Date "2019.01.02"]
[Round "1"]
[White "Ahmed, Mohamed Qayed"]
[Black "Salem, Ahmed Salem"]
[Result "0-1"]
[WhiteElo "1379"]
[BlackElo "2051"]
[PlyCount "50"]
[EventDate "2019.01.02"]
[EventType "swiss"]
[EventRounds "9"]
[EventCountry "UAE"]
[SourceTitle "CBM 188 Extra"]
[Source "ChessBase"]
[SourceDate "2019.02.28"]
[SourceVersion "1"]
[SourceVersionDate "2019.02.28"]
[SourceQuality "1"]

1. Nf3 Nf6 2. g3 b6 3. Bg2 Bb7 4. d3 e6 5. e4 d6 6. Nbd2 Be7 7. 0-0 0-0 8. Re1 c5 9. Nf1 Nbd7 10. h4 c4 11. N1h2 cxd3 12. cxd3 Ne5 13. Nxe5 dxe5 14. g4 Nd7 15. g5 Nc5 16. Bf1 Ba6 17. Re3 f5 18. gxf6 Bxf6 19. b4 Bxh4 20. Rf3 Nxe4 21. b5 Bb7 22. Rxf8+ Qxf8 23. dxe4 Qxf2+ 24. Kh1 Bxe4+ 25. Bg2 Bxg2# 0-1

[Event "Al Ain U20 op 1st"]
[Site "Al Ain"]
[Date "2017.12.31"]
[Round "2"]
[White "Gholami, Aryan"]
[Black "Ahmed, Mohamed Qayed"]
[Result "1-0"]
[WhiteElo "2499"]
[BlackElo "1417"]
[PlyCount "59"]
[EventDate "2017.12.30"]
[EventType "swiss"]
[EventRounds "9"]
[EventCountry "UAE"]
[SourceTitle "CBM 182 Extra"]
[Source "ChessBase"]
[SourceDate "2018.02.23"]
[SourceVersion "1"]
[SourceVersionDate "2018.02.23"]
[SourceQuality "1"]

1. d4 c5 2. dxc5 Nc6 3. Nc3 e6 4. Ne4 Nf6 5. Nd6+ Bxd6 6. cxd6 b6 7. g3 Bb7 8. Bg2 0-0 9. b3 Re8 10. Bb2 e5 11. Nh3 h6 12. 0-0 Qb8 13. f4 Re6 14. fxe5 Nxe5 15. Bxb7 Qxb7 16. Nf4 Ree8 17. c4 Rac8 18. Qd4 a5 19. Rac1 Nc6 20. Qd3 Nb4 21. Qb1 Ng4 22. a3 Na6 23. Nd5 Ne3 24. Nxe3 Rxe3 25. Rxf7 Kxf7 26. Rf1+ Kg8 27. Qg6 Qg2+ 28. Kxg2 Rxe2+ 29. Kh3 Rxb2 30. Rf7 1-0

[Event "Al Ain rapid"]
[Site "Al Ain"]
[Date "2014.12.18"]
[Round "2"]
[White "Ahmed, Mohamed Qayed"]
[Black "Sameir, Ramez"]
[Result "0-1"]
[WhiteElo "1520"]
[BlackElo "2075"]
[PlyCount "62"]
[EventDate "2014.12.18"]
[EventType "swiss (rapid)"]
[EventRounds "7"]
[EventCountry "UAE"]
[SourceTitle "EXT 2016"]
[Source "ChessBase"]
[SourceDate "2015.10.08"]
[SourceVersion "1"]
[SourceVersionDate "2015.10.08"]
[SourceQuality "1"]

1. e4 e6 2. d4 d5 3. e5 c5 4. Nf3 Qb6 5. Nbd2 cxd4 6. Bd3 Nc6 7. 0-0 Nb4 8. Nb3 Nxd3 9. Qxd3 Bd7 10. Bf4 Bb5 11. Qd2 Bxf1 12. Rxf1 a5 13. a3 a4 14. Nbxd4 Qxb2 15. Qc1 Qxc1 16. Bxc1 Bc5 17. Nb5 Kd7 18. Ne1 Ra5 19. Nc3 Bd4 20. Bd2 Bxe5 21. Nd3 Bd6 22. Rb1 Kc6 23. Nb4+ Bxb4 24. Rxb4 b5 25. Ne2 Nf6 26. Nd4+ Kd7 27. Nxb5 Rb8 28. Nd4 Rxb4 29. Bxb4 Ra8 30. f3 g6 31. g4 Rc8 0-1